00325nam a2200121Ia 4500008004100000041000800041082001500049100002400064245004100088260004100129300002400170365000900194240624s9999 xx 000 0 und d aeng a658.88 VAN aDEVENTER DONALD VAN aCREDIT RISK MODELS AND BASEL ACCORDS c2003aSingaporebJohn Wiley and Sons a270 : p. : cm. ; 25 cb30